Estado social de derecho y negociación colectiva en el sector público
Shranjeno v:
| Korporativna značnica: | |
|---|---|
| Format: | Texto |
| Izdano: |
San José:
Litografía e Imprenta LIL
|
| Teme: | |
| Oznake: |
Označite
Brez oznak, prvi označite!
|
MARC
| LEADER | 00000 a a2200000 04500 | ||
|---|---|---|---|
| 001 | 28194 | ||
| 003 | |||
| 040 | |||
| 020 | |a 9977-47-088 | ||
| 090 | |a 187804 | ||
| 110 | |a Bolaños Céspedes, Fernando | ||
| 245 | |a Estado social de derecho y negociación colectiva en el sector público | ||
| 260 | |a San José: |b Litografía e Imprenta LIL | ||
| 300 | |a 123 p | ||
| 650 | |a SINDICALISMO | ||
| 650 | |a NEGOCIACION COLECTIVA | ||
| 650 | |a SECTOR PUBLICO | ||
| 650 | |a COSTA RICA | ||
| 999 | |c 16289 |d 16289 | ||
